| 000 | 00450pab a2200169 454500 | ||
|---|---|---|---|
| 008 | 180718b2010 xxu||||| |||| 00| 0 eng d | ||
| 100 | _aChiu, A.S.F. et al | ||
| 245 | _aThe economics of 3R in generating real employment in the Philippines | ||
| 260 | _c2010 | ||
| 300 | _ap.39-57. | ||
| 362 | _aAutumn | ||
| 650 | _aEmployment - Philippines | ||
| 650 | _aEmployment | ||
| 773 | _aRegional Development Dialogue | ||
| 908 | _aN | ||
| 909 | _a91739 | ||
| 999 |
_c91739 _d91739 |
||